000 01407cam a22003614a 4500
999 _c7875
_d7875
001 14082216
003 OSt
005 20200130105632.0
008 050822s2007 maua b 001 0 eng
010 _a 2005054014
020 _a9780071259859
020 _a0073041696 (alk. paper)
040 _aDLC
_cDLC
_dDLC
042 _apcc
050 0 0 _aHG4910
_b.S28 2007
082 0 0 _a332
_222
_bSAU/F
100 _a Saunders, Anthony
_d1949-
_91609
245 1 0 _aFinancial markets and institutions :
_ban introduction to the risk management approach /
_cAnthony Saunders, Marcia Millon Cornett.
250 _a3rd ed.
260 _aBoston, Mass. :
_bMcGraw-Hill/Irwin,
_cc2007.
300 _axxiv , 696 p. :
_bill. ;
_c28 cm.
440 0 _aMcGraw-Hill/Irwin series in finance, insurance, and real estate
504 _aIncludes bibliographical references and index.
650 0 _aSecurities
_zUnited States.
650 0 _aStock exchanges
_zUnited States.
650 0 _aFinancial institutions
_zUnited States.
650 0 _aRate of return
_zUnited States.
650 0 _aInterest rates
_zUnited States.
700 1 _aCornett, Marcia Millon
_91662
906 _a7
_bcbc
_corignew
_d1
_eocip
_f20
_gy-gencatlg
942 _2ddc
_cBK
_h332
_iSAU/F
_k332
_mSAU/F